000 00902nmm a2200277 a 4500
001 ocm0001411809
003 TR-IsHL
005 20201028165055.0
008 160220s2015 tu tur
007 cr cn
020 _a9786058407602
035 _a1411809
_b(N$T)
050 0 4 _aPQ2484.Z4
_bN63 2015
090 0 4 _aPQ2484.Z4
_bN63 2015
100 1 _aZévaco, Michel
245 1 0 _aKahin Nostradamus'un romanı
_h[electronic resource] /
_cMichel Zévaco ; çeviri Türker Öztürk
260 _aİstanbul :
_bFantastik Kitap,
_c2015
300 _a623 p.
650 4 _aDil ve Edebiyat
650 4 _aLanguage and Literature
650 0 _aFransız romanı
650 0 _aFrench fiction
650 7 _aLITERARY COLLECTIONS / European / French
_2bisacsh
700 1 _aÖztürk, Türker
856 4 0 _uhttp://search.ebscohost.com/login.aspx?direct=true&scope=site&db=e011xww&AN=1411809
999 _c15779
_d15779